Taxmann's direct taxes : (Record no. 199822)
[ view plain ]
| 000 -LEADER | |
|---|---|
| fixed length control field | 00804nam a2200241Ia 4500 |
| 003 - CONTROL NUMBER IDENTIFIER | |
| control field | OSt |
| 005 - DATE AND TIME OF LATEST TRANSACTION | |
| control field | 20260310123059.0 |
| 008 - FIXED-LENGTH DATA ELEMENTS--GENERAL INFORMATION | |
| fixed length control field | 210716s2006 xx 000 0 und d |
| 020 ## - INTERNATIONAL STANDARD BOOK NUMBER | |
| International Standard Book Number | 817194390X |
| 040 ## - CATALOGING SOURCE | |
| Transcribing agency | AIMIT LIBRARY |
| 041 ## - LANGUAGE CODE | |
| Language code of text/sound track or separate title | eng |
| 082 ## - DEWEY DECIMAL CLASSIFICATION NUMBER | |
| Classification number | 336.294 |
| Item number | SINV |
| 100 ## - MAIN ENTRY--PERSONAL NAME | |
| Personal name | Singhania, Vinod K. |
| 9 (RLIN) | 258413 |
| 245 ## - TITLE STATEMENT | |
| Title | Taxmann's direct taxes : |
| Remainder of title | law and practice / |
| Statement of responsibility, etc. | By Vinod K. Singhania and Kapil Singhania. |
| 250 ## - EDITION STATEMENT | |
| Edition statement | 34th ed. |
| 260 ## - PUBLICATION, DISTRIBUTION, ETC. | |
| Place of publication, distribution, etc. | New Delhi : |
| Name of publisher, distributor, etc. | Taxmann Publications Pvt Ltd , |
| Date of publication, distribution, etc. | 2006. |
| 300 ## - PHYSICAL DESCRIPTION | |
| Extent | xxiii,370.5,7.13-6 p.; |
| Other physical details | PB |
| Dimensions | 23.5 cm. |
| 440 ## - SERIES STATEMENT/ADDED ENTRY--TITLE | |
| Title | Assessment year2005-06 |
| 9 (RLIN) | 258414 |
| 650 ## - SUBJECT ADDED ENTRY--TOPICAL TERM | |
| Topical term or geographic name entry element | Profit and gains of business or problems |
| 9 (RLIN) | 258415 |
| 650 ## - SUBJECT ADDED ENTRY--TOPICAL TERM | |
| Topical term or geographic name entry element | Income from other sources |
| 9 (RLIN) | 258416 |
| 700 ## - ADDED ENTRY--PERSONAL NAME | |
| Personal name | Singhania, Kapil. |
| 9 (RLIN) | 258417 |
| 942 ## - ADDED ENTRY ELEMENTS (KOHA) | |
| Source of classification or shelving scheme | Dewey Decimal Classification |
| Koha item type | Book |
| Edition | 34 |
| Call number prefix | 336.294 SINV |
| Withdrawn status | Lost status | Damaged status | Not for loan | Collection code | Home library | Current library | Date acquired | Cost, normal purchase price | Total Checkouts | Full call number | Barcode | Date last seen | Cost, replacement price | Price effective from | Koha item type |
|---|---|---|---|---|---|---|---|---|---|---|---|---|---|---|---|
| MBA | St Aloysius Institute of Management & Information Technology | St Aloysius Institute of Management & Information Technology | 11/25/2006 | 400.00 | 336.294 SINV | MBA02387 | 05/23/2026 | 320.00 | 07/16/2021 | Book |